| 000 | 00954nas a2200277 i 4500 | ||
|---|---|---|---|
| 001 | 1986 | ||
| 003 | ES-MaACL | ||
| 005 | 20250721062541.0 | ||
| 008 | 950801d1921 sp m| | 1 ||pa d | ||
| 022 | _a2480-715X | ||
| 080 | _a460 | ||
| 245 | 0 | 0 |
_aRevista política, parlamentaria y financiera / _cdir., Luis Antón del Olmet. |
| 260 |
_aMadrid : _bImp. del Asilo de Huérfanos del S.C. de Jesús, _c1921- ( _fPrensa Nueva) |
||
| 300 |
_a10 v. ; _c27 cm. |
||
| 310 | _aQuincenal | ||
| 321 |
_aMensual, _b1921-1924, n. 24 |
||
| 362 | 0 | _aAño I, t. I (oct. 1921)- | |
| 500 | _aA partir de 1927 no se reseñan los tomos. | ||
| 650 | 1 | 7 |
_aEconomía _2embne _912006 |
| 700 | 1 |
_aAntón del Olmet, Luis, _d1886-1923 _921947 |
|
| 700 | 1 |
_aTorres Bernal, José de. _9110928 |
|
| 700 | 1 |
_aZarraluqui Martínez, Julio, _edir. _9118086 |
|
| 852 |
_aES-MaACL _jHem-509 |
||
| 866 | 0 | _o1921-23(1924f.t.XII)1925-27(1928f.n.111y118). | |
| 999 |
_c1986 _d1986 |
||